| 000 | 00852nam a2200241Ia 4500 | ||
|---|---|---|---|
| 003 | GCL | ||
| 008 | 140319s9999 xx 000 0 ara d | ||
| 040 |
_aGCL / _cGCL |
||
| 082 | 0 | 4 |
_a189.1 _bع م |
| 100 | 1 | _aعلى عبدالواحد وافى | |
| 245 | 1 | 0 |
_aالمدينة الفاضلة للفارابى / _cعلى عبدالواحد وافى |
| 700 | 1 | _aالفارابى : ابو نصر محمد بن محمد بن طرخان بن اوزلغ | |
| 260 |
_a[S.N] : _bنهضة مصر للطباعة والنشر والتوزيع |
||
| 300 | _a96 ص | ||
| 650 | 0 | 4 | _aالفلسفة الاسلامية |
| 650 | 0 | 4 | _aفلسفة |
| 650 | 0 | 4 | _aالفلسفة العربية |
| 650 | 0 | 4 | _aالفلاسفة المسلمون |
| 650 | 0 | 4 | _aالفلاسفة |
| 650 | 0 | 4 | _aالفارابى |
| 650 | 0 | 4 | _aالمدن الفاضلة |
| 942 |
_2ddc _cBK |
||
| 999 |
_c28185 _d28185 |
||